000
00295nam a2200121Ia 4500
008
150201s2007 xx 000 0 und d
082
_a
615
_b
B07W
100
_a
WHO
245
_a
BASIC TESTS FOR PHARMCEUTICAL SUBSTANCES
260
_b
AITBS
_a
DELHI
_c
2007
650
_a
PHARMACOLOGY
942
_2
ddc
_c
BK
999
_c
751
_d
751